60 casos prc̀ticos ISR, IVA, IMSS 2018

Bibliographic Details
Main Author: Martn̕ez Gutiřrez, Javier
Format: eBook
Language:Spanish
Published: Ciudad de Mx̌ico: Ediciones Fiscales ISEF, 2018
Subjects:
Online Access:Acceso restringido

MARC

LEADER 00000nam a22000007a 4500
005 20181110000558.0
007 cr|||| ||||
008 181110s2018 es |||||s|||| 00||0 spa d
020 |a 978-607-406-993-8 
035 |a 22025 
040 |a vLex 
090 |c 8294  |d 8294 
100 1 |a Martn̕ez Gutiřrez, Javier 
245 1 0 |a 60 casos prc̀ticos ISR, IVA, IMSS 2018  |h [Recurso electrn̤ico] /  |c Javier Martn̕ez Gutiřrez 
256 |a Servicio en ln̕ea 
260 |a Ciudad de Mx̌ico:  |b Ediciones Fiscales ISEF,  |c 2018 
300 |a 1 recurso electrn̤ico 
506 1 |a Disponible solo en los productos indicados  |d vLex Global  |d vLex Global (Academic Edition, excluding Law Schools)  |d vLex Global (U.S. Academic Edition, Law Schools)  |d vLex Global (U.S. Academic Edition, excluding Law Schools)  |d vLex Global (Academic Edition, Law Schools) 
650 0 4 |a Derecho Fiscal  |z Mx̌ico 
650 0 4 |a Derecho Laboral y Seguridad Social  |z Mx̌ico 
740 0 |a vLex Libros (Servicio en ln̕ea) 
856 4 0 |u http://vlex.com/source/60-casos-practicos-isr-iva-imss-2018-22025  |z Acceso restringido 
942 |c BOOK 
999 0 |a Tax Law 
999 0 |a Labor Law and Social Security